000 00699nam a2200241 a 4500
001 BRCA_16
005 20190320202838.0
008 950807s1990 mx-a---##b---#000-0#spa-d
041 _aspa
044 _amx
050 4 _aN8600
_b.P47 1990
100 1 _aPeraza, Miguel
_d1959-?
_980
245 1 0 _aArte del mercado en arte
_cMiguel Peraza, Josu Iturbe.
260 _aMéxico
_bPlus
_c1990
300 _a126 p.
_bil.
_c22 cm.
504 _aBibliografía: p. [123]-126
650 1 4 _aArte
_xMercado
_zMéxico
_981
650 1 4 _aArte
_xDistribución
_zMéxico
_982
650 1 4 _aGalerías de arte
_zMéxico
_983
650 1 4 _aColeccionistas de arte
_zMéxico
_984
700 1 _aIturbe, Josu
_985
942 _2lcc
_cB
999 _c16
_d16